Normal view
MARC view
Entry Topical Term
001 - CONTROL NUMBER
- control field: 15971
003 - CONTROL NUMBER IDENTIFIER
- control field: BD-RjUL
005 - DATE AND TIME OF LATEST TRANSACTION
- control field: 20250710111007.0
008 - FIXED-LENGTH DATA ELEMENTS
- fixed length control field: 250710|| aca||aabn | a|a d
040 ## - CATALOGING SOURCE
- Original cataloging agency: BD-RjUL
- Transcribing agency: BD-RjUL
150 ## - HEADING--TOPICAL TERM
- Topical term or geographic name entry element: Education
- General subdivision: Moral and ethical aspects
- Geographic subdivision: Bangladesh
670 ## - SOURCE DATA FOUND
- Source citation: Work cat.: (BD-RjUL)85167: ইসলাম, মোহাম্মদ আরিফুল 8516, বাংলাদেশের শিক্ষানীতি ও শিক্ষাব্যবস্থায় নৈতিকতা = Morality in education policy and education system in Bangladesh :, ২০২৩